000 00516nam a2200169Ia 4500
999 _c22394
_d22394
003 OSt
005 20200323104003.0
008 190216s9999||||xx |||||||||||||| ||und||
040 _coclc
082 _a297
_bNOM/I
100 _a Nomani, Mohammad Manzoor
_92153
245 0 _aIslamic Faith And Practice /
_cMohammad Manzoor Nomani
260 _bIslamic Research And Publications,
_c1977.
_aLucknow:
300 _a168p
650 _aIslamic History
942 _cBK
_2ddc
_h297
_iNOM/I
_k297
_mNOM/I